000 00828nam a2200205 4500
008 090617s2002 tnu b 000 0 eng d
020 _a0899578144 :USD11.97/gift: Eugene & Anita Choi
090 _aBS2665.3
_bK91
_b2002
100 1 _aKroll, Woodrow Michael,
_d1944-
245 1 4 _aThe book of Romans :
_brighteousness in Christ /
_cWoodrow Kroll ; general editors, Mal Couch & Ed Hindson.
260 _aChattanooga, TN :
_bAMG Publishers,
_cc2002.
300 _axviii, 267 p. ;
_c24 cm.
490 1 _aTwenty-first century biblical commentary series
504 _aIncludes bibliographical references (p. 253-267).
630 0 4 _aBible.
_pN.T.
_pRomans
_vCommentaries.
700 1 _aCouch, Mal.
700 1 _aHindson, Edward E.
951 _p32976
_x00037827
_oBS2665.3/K91/2002
_j090617152027187
_d2000-12-21
_cGC
999 _c33370
_d33370